000 00636nmm a2200193Ia 4500
008 251105s9999||||xx |||||||||||||||||und||
020 _a9786071659705
041 _aspa
100 _aHernández Trillo, Fausto
245 0 _aBuen diagnóstico, buena solución :
_b Los retos de la economía mexicana
264 _a[México D.C., Mexico] :
_bFondo de Cultura Económica,
_c2018
300 _a115 páginas
490 _aEconomía
650 _aEconomics and Business
700 _aHernández Trillo, Fausto
700 1 _a Campos Vázquez, Raymundo Miguel
856 _uhttps://public.digitaliapublishing.com/a/64090
942 _cCF
999 _c66849
_d66849